Limitovanie byrokracie ako nástroj na podporu podnikateľského prostredia bakalárska práca

Salvato in:
Dettagli Bibliografici
Autore principale: Čukanová, Aneta
Ente Autore: Obchodná fakulta EU. Katedra medzinárodného obchodu
Altri autori: Khúlová, Lucia, 1984-
Natura: Libro
Lingua:slovacco
Pubblicazione: Bratislava 2023
Tags: Aggiungi Tag
Nessun Tag, puoi essere il primo ad aggiungerne!!

MARC

LEADER 00000nbm a2200000 4500
001 0294845
005 20240129093211.7
041 0 |a slo 
044 |a SK 
245 1 0 |a Limitovanie byrokracie ako nástroj na podporu podnikateľského prostredia  |b bakalárska práca  |c Aneta Čukanová ; školiteľ: Lucia Khúlová 
264 1 |a Bratislava  |c 2023 
300 |a 43 s. 
100 1 |a Čukanová, Aneta 
700 1 |a Khúlová, Lucia, 1984- 
710 2 |a Obchodná fakulta EU. Katedra medzinárodného obchodu